000 00685nam a2200277Ia 4500
005 20260324130532.0
008 008 260324s9999 xx 000 0 eng d
020 _a9780203815236
037 _aEBOOK
040 _aCRL
040 _beng
040 _cCRL
041 _2eng
041 _aeng
084 _qCRL
100 _aJohan van Rekom; Guillaume Soenen; Davide Ravasi; Lin Lerpold
_91182152
245 0 _aOrganizational Identity in Practice
260 _bTaylor and Francis
260 _c2007
365 _a
365 _b300
856 _uhttp://www.taylorfrancis.com/books/9780203815236
942 _cEBOOK
999 _c1778388
_d1778388